Chlorination of liquid natural rubber (Record no. 55571)
[ view plain ]
| 000 -LEADER | |
|---|---|
| fixed length control field | 01429nam a2200205Ia 4500 |
| 100 ## - MAIN ENTRY--AUTHOR NAME | |
| Personal name | Veeralakshmanan B |
| 245 #0 - TITLE STATEMENT | |
| Title | Chlorination of liquid natural rubber |
| 260 ## - PUBLICATION, DISTRIBUTION, ETC. (IMPRINT) | |
| Name of publisher | Indian Journal of Natural Rubber Research |
| Year of publication | 1995 |
| 300 ## - PHYSICAL DESCRIPTION | |
| Number of Pages | 85-90 |
| 520 ## - SUMMARY, ETC. | |
| Summary, etc | Natural rubber (NR) on chlorination turns into a white thermoplastic material which is widely used by the paint and lacquer industries taking advantage of its improved ageing properties, flame retardance, adhesion to various substrates etc. A major impediment in the manufacture of chlorinated natural rubber is the gel content of raw NR which makes preparation of solution difficult. In this study this problem has been solved to a great extent by using depolymerised liquid natural rubber (LNR). Substantially higher amounts (upto 20;) of LNR could be dissolved in carbontetrachloride to obtain a liquid mass that could be stirred and homogenized during the course of chlorination. This has resulted in manifold increase in the output compared to conventional method of chlorination of NR solution. Prperties of the product have been found comparable with chlorinated rubber prepared from raw NR. |
| 650 ## - SUBJECT ADDED ENTRY--TOPICAL TERM | |
| Topical Term | Chlorination |
| 650 ## - SUBJECT ADDED ENTRY--TOPICAL TERM | |
| Topical Term | Depolymerisation |
| 650 ## - SUBJECT ADDED ENTRY--TOPICAL TERM | |
| Topical Term | Liquid natural rubber |
| 650 ## - SUBJECT ADDED ENTRY--TOPICAL TERM | |
| Topical Term | Natural rubber |
| 700 ## - ADDED ENTRY--PERSONAL NAME | |
| Personal name | Mathew N M |
| 700 ## - ADDED ENTRY--PERSONAL NAME | |
| Personal name | Nair N R |
| 700 ## - ADDED ENTRY--PERSONAL NAME | |
| Personal name | Sasimohan A L |
| 942 ## - ADDED ENTRY ELEMENTS (KOHA) | |
| Koha item type | Journals |
| Withdrawn status | Lost status | Damaged status | Not for loan | Home library | Current library | Shelving location | Date acquired | Serial Enumeration / chronology | Koha item type |
|---|---|---|---|---|---|---|---|---|---|
| Journals | RRII Library | RRII Library | Rubber chemistry | 17/12/2021 | Volume 8, Issue 2 | Journals |